| 000 | 00916nac a22002777a 4500 | ||
|---|---|---|---|
| 001 | BR6600319 | ||
| 003 | BR-BrBNA | ||
| 005 | 20240105113311.0 | ||
| 008 | 230509b bl.|||m| |||| 00| 0 por d | ||
| 040 |
_aBR-BrBNA _bpor _cBiblioteca Nacional de Agricultura |
||
| 072 | _aE10 | ||
| 090 | _aE10 BR6600319 | ||
| 110 | 1 |
_aFundacao Instituto Brasileiro de Geografia e Estatistica, Rio de Janeiro, GB _94918 |
|
| 245 | 1 |
_aCenso industrial de 1960. Parana, Santa Catarina, Rio Grande do Sul [Brasil] _b7. Recenseamento Geral do Brasil |
|
| 260 | 3 |
_aRio de Janeiro, GB (Brasil): _c1966. |
|
| 300 | _a101 p. | ||
| 490 |
_aCenso Industrial. Serie Regional (Brazil) _vv. 3(7) _x |
||
| 500 | _aNumerical data | ||
| 650 | _aINDUSTRIA | ||
| 650 | _aCENSO | ||
| 650 | _aPARANA | ||
| 650 | _aSANTA CATARINA | ||
| 650 | _aRIO GRANDE DO SUL | ||
| 909 |
_a202312 _bLúcia Elande _c55 _dLúcia Elande |
||
| 942 |
_2AGRIS _n0 _cMS |
||
| 999 |
_c262969 _d262969 |
||